000 01265nam a2200337Ia 4500
001 ebr10540426
003 CaPaEBR
006 m u
007 cr cn|||||||||
008 111017s2012 mau sb 001 0 eng d
010 _z 2011042353
020 _z9781555537678
020 _z9781555537685
020 _z9781555537869
040 _aCaPaEBR
_cCaPaEBR
035 _a(OCoLC)782925894
050 1 4 _aHV6679
_b.C67 2012eb
082 0 4 _a364.16/330973
_223
100 1 _aCopes, Heith.
245 1 0 _aIdentity thieves
_h[electronic resource] :
_bmotives and methods /
_cHeith Copes and Lynne M. Vieraitis.
260 _aBoston :
_bNortheastern University Press,
_cc2012.
300 _axiii, 174 p.
504 _aIncludes bibliographical references and index.
533 _aElectronic reproduction.
_bPalo Alto, Calif. :
_cebrary,
_d2011.
_nAvailable via World Wide Web.
_nAccess may be limited to ebrary affiliated libraries.
650 0 _aIdentity theft
_zUnited States.
650 0 _aFraud
_zUnited States.
655 7 _aElectronic books.
_2local
700 1 _aVieraitis, Lynne M.
710 2 _aebrary, Inc.
856 4 0 _uhttp://site.ebrary.com/lib/rucke/Doc?id=10540426
_zAn electronic book accessible through the World Wide Web; click to view
999 _c135268
_d135268